| 000 | 01366nam a22002297a 4500 | ||
|---|---|---|---|
| 999 |
_c5153 _d5153 |
||
| 003 | OSt | ||
| 005 | 20250724101659.0 | ||
| 008 | 250724b ||||| |||| 00| 0 eng d | ||
| 020 | _a9781108746588 | ||
| 040 | _cKH8 | ||
| 082 | _a428 ELS | ||
| 100 |
_aElsdon, Graham, _eauthor. |
||
| 245 |
_aCambridge Lower Secondary English : _bLearner's Book 7 / _cGraham Elsdon with Esther Menon. |
||
| 260 |
_aUK ; _bCambridge University Press & Assessment , _c2021. |
||
| 300 |
_a248 pages : _bcolor illustrations ; _c28 cm. |
||
| 520 | _aYou will develop your English skills as you discover villains and victims, write about urban pollution and discuss autobiographies. You’ll find a wide range of international fiction, non-fiction, poetry and drama throughout the book to help you develop your understanding of different genres and text types. Each unit is packed with activities that cover reading, writing, speaking and listening, as well as opportunities to develop 21st century skills – such as collaboration and critical thinking. Units end with a project, like conducting a class debate, to help you communicate confidently and understand how to apply your learning to real-world scenarios. | ||
| 650 |
_aRevision book _vEnglish |
||
| 650 |
_aGuidance book _vEnglish |
||
| 650 |
_aLanguage focus _vEnglish |
||
| 700 |
_aMenon, Esther, _eauthor. |
||
| 942 |
_2ddc _cTR |
||